Introducción a la Etología

Guardat en:
Dades bibliogràfiques
Autor principal: Slater, Peter James
Format: Llibre
Idioma:espanyol
Publicat: Barcelona Crítica 1988
Matèries:
Etiquetes: Afegir etiqueta
Sense etiquetes, Sigues el primer a etiquetar aquest registre!

MARC

LEADER 00000nam a2200000 a 4500
001 UCW0545
003 CL-VaPUC
005 20200525153242.0
008 920819e19880000SP |||||||||||||||||spa|d
999 |c 215674  |d 215672 
040 |c Pontificia Universidad Católica de Valparaíso 
082 0 4 |a 591.51 SLA 1988  |2 21 
100 0 |a Slater, Peter James  |9 304464 
245 1 0 |a Introducción a la Etología 
260 |a Barcelona  |b Crítica  |c 1988 
300 |a 230 páginas 
583 |a last modification  |c 19920819 00:00:00  |k Rodrigo Vera 
650 7 |a CONDUCTA ANIMAL  |2 CL-VaPUC  |9 260026 
942 |c BK  |2 ddc 
945 |d 19920819 00:00:00 
952 |0 0  |1 0  |2 ddc  |4 0  |6 591_510000000000000_SLA_1988  |7 0  |8 A  |9 200314  |a BIBCUR  |b BIBCUR  |d 2019-11-14  |i 2675781  |l 5  |m 3  |o 591.51 SLA 1988  |p 2675781  |r 2025-04-22  |s 2024-04-22  |t 1  |w 2019-11-14  |y BK  |k BIO